Cardiac surgery in the adult. (Record no. 147)
[ view plain ]
| 000 -LEADER | |
|---|---|
| fixed length control field | 01717cam a22003018a 4500 |
| 001 - CONTROL NUMBER | |
| control field | 16889032 |
| 003 - CONTROL NUMBER IDENTIFIER | |
| control field | OSt |
| 005 - DATE AND TIME OF LATEST TRANSACTION | |
| control field | 20150325224332.0 |
| 008 - FIXED-LENGTH DATA ELEMENTS--GENERAL INFORMATION | |
| fixed length control field | 110722s2012 nyu b 001 0 eng |
| 010 ## - LIBRARY OF CONGRESS CONTROL NUMBER | |
| LC control number | 2011031211 |
| 020 ## - INTERNATIONAL STANDARD BOOK NUMBER | |
| International Standard Book Number | 9780071633123 (hardback : alk. paper) |
| 035 ## - SYSTEM CONTROL NUMBER | |
| System control number | (DNLM)101565144 |
| 040 ## - CATALOGING SOURCE | |
| Original cataloging agency | DNLM/DLC |
| Transcribing agency | DLC |
| 042 ## - AUTHENTICATION CODE | |
| Authentication code | pcc |
| 060 10 - NATIONAL LIBRARY OF MEDICINE CALL NUMBER | |
| Classification number | WG 169 |
| 082 00 - DEWEY DECIMAL CLASSIFICATION NUMBER | |
| Classification number | WG 460 C66c 2012 |
| 245 00 - TITLE STATEMENT | |
| Title | Cardiac surgery in the adult. |
| 250 ## - EDITION STATEMENT | |
| Edition statement | 4th ed. / |
| Remainder of edition statement | [edited by] Lawrence H. Cohn. |
| 260 ## - PUBLICATION, DISTRIBUTION, ETC. (IMPRINT) | |
| Place of publication, distribution, etc. | New York : |
| Name of publisher, distributor, etc. | McGraw-Hill Professional, |
| Date of publication, distribution, etc. | c2012. |
| 263 ## - PROJECTED PUBLICATION DATE | |
| Projected publication date | 1112 |
| 300 ## - PHYSICAL DESCRIPTION | |
| Extent | xxiii, 1448p. ; |
| Dimensions | 30cm. |
| Other physical details | col.ill + |
| Accompanying material | CD |
| 504 ## - BIBLIOGRAPHY, ETC. NOTE | |
| Bibliography, etc | Includes bibliographical references and index. |
| 520 ## - SUMMARY, ETC. | |
| Summary, etc. | "Cardiac Surgery in the Adult guides residents and practicing surgeons through diagnosis, treatment and management as well as operative strategy, decision-making, and technique in adult cardiac surgery. Developments in this field are constant and are in line with the surgical trends at large: less-invasive surgery with faster recovery times. Developments in this field include the use of robotic surgery, minimally invasive valve and coronary artery bypass surgery, stem-cell induced regenerative medicine, tissue engineering and more, all of which are discussed and completely updated. Trends also take into account the demographics of the patient with an eye toward cross-training the surgeon in endovascular skills by including topics such as percutaneous intervention and endovascular graft technology."--Provided by publisher. |
| 650 12 - SUBJECT ADDED ENTRY--TOPICAL TERM | |
| Topical term or geographic name as entry element | Cardiavascula system |
| 9 (RLIN) | 394 |
| 700 1# - ADDED ENTRY--PERSONAL NAME | |
| Personal name | Cohn, Lawrence H., |
| Dates associated with a name | 1937- |
| 9 (RLIN) | 396 |
| 906 ## - LOCAL DATA ELEMENT F, LDF (RLIN) | |
| a | 7 |
| b | cbc |
| c | orignew |
| d | 1 |
| e | ecip |
| f | 20 |
| g | y-gencatlg |
| 942 ## - ADDED ENTRY ELEMENTS (KOHA) | |
| Source of classification or shelving scheme | Other/Generic Classification Scheme |
| Koha item type | Book Bank |
| Withdrawn status | Lost status | Source of classification or shelving scheme | Damaged status | Not for loan | Home library | Current library | Date acquired | Source of acquisition | Inventory number | Total Checkouts | Full call number | Barcode | Date last seen | Price effective from | Koha item type | Date last checked out |
|---|---|---|---|---|---|---|---|---|---|---|---|---|---|---|---|---|
| Other/Generic Classification Scheme | MUST Main Library | MUST Main Library | 08/07/2014 | 2012/36336 | WG 460 C66c 2012 | 2014-0359 | 08/07/2014 | 08/07/2014 | Book Bank | |||||||
| Other/Generic Classification Scheme | MUST Main Library | MUST Main Library | 08/07/2014 | 2012/36339 | WG 460 C66c 2012 | 2014-0360 | 08/07/2014 | 08/07/2014 | Book Bank | |||||||
| Other/Generic Classification Scheme | MUST Main Library | MUST Main Library | 08/07/2014 | 2012/36338 | 1 | WG 460 C66c 2012 | 2014-0361 | 11/10/2022 | 08/07/2014 | Book Bank | 08/07/2022 | |||||
| Other/Generic Classification Scheme | MUST Main Library | MUST Main Library | 08/07/2014 | 2012/36337 | WG 460 C66c 2012 | 2014-0362 | 08/07/2014 | 08/07/2014 | Book Bank | |||||||
| Other/Generic Classification Scheme | MUST Main Library | MUST Main Library | 08/07/2014 | 2012/36340 | WG 460 C66c 2012 | 2014-0363 | 08/07/2014 | 08/07/2014 | Book Bank |
